| 000 | 00449nam a2200145 i 4500 | ||
|---|---|---|---|
| 001 | 92133 | ||
| 003 | ES-MaACL | ||
| 005 | 20230906180914.0 | ||
| 007 | t| | ||
| 008 | 050222s1954 fr ||||1| fre d | ||
| 245 | 0 | 0 |
_aLiaison scientifique _b: histoire des postes de coopération scientifique de l'Unesco. |
| 260 |
_a[Paris] : _bUnesco, _c[1954] |
||
| 300 |
_a64 p. : _b4 lám, 4 gráf, 1 map.pleg. ; _c24 cm. |
||
| 852 |
_aES-MaACL _jC-24447 _bR.36542 |
||
| 999 |
_c92133 _d92133 |
||